Polcképtervezés, mint marketingkommunikációs eszköz

Bibliográfiai részletek
Szerző: Walch Bence
További közreműködők: Papp Dr. Vanda
Dokumentumtípus: Projektmunka
Kulcsszavak:jövő
kereskedelem
marketing
marketingkommunikáció
vásárlás
Online Access:http://dolgozattar.uni-bge.hu/59933

MARC

LEADER 00000nnm a2200000 i 4500
001 dolg59933
005 20260409145750.0
008 260409suuuu hu o 000 hun d
040 |a BGE Dolgozattár Repozitórium  |b hun 
041 |a hu 
100 1 |a Walch Bence 
245 1 0 |a Polcképtervezés, mint marketingkommunikációs eszköz  |c Walch Bence  |h [elektronikus dokumentum] 
516 |a Project_work 
520 3 |a A polckép a kiskereskedelmi marketing kulcseleme: vizuális megjelenése közvetlenül befolyásolja a vásárlói döntéseket. A klasszikus (wobbler, stopper, polcszalag) és modern (okos polcok, digitális kijelzők, AI) eszközök célja a figyelemfelkeltés, döntéskönnyítés és élményfokozás. A jövő a személyre szabott, adatvezérelt, fenntartható polcképeké, amelyek egyszerre támogatják az üzleti célokat és a vásárlói élményt. A sikeres polckép alkalmazkodik a piaci trendekhez, technológiai újdonságokhoz is. 
695 |a jövő 
695 |a kereskedelem 
695 |a marketing 
695 |a marketingkommunikáció 
695 |a vásárlás 
700 1 |a Papp Dr. Vanda  |e ths 
856 4 0 |u http://dolgozattar.uni-bge.hu/59933/1/Walch%20Bence%20-%20Projektmunka.pdf  |z Dokumentum-elérés 
856 4 0 |u http://dolgozattar.uni-bge.hu/59933/2/Walch%20Bence_KM%20FOSZK%20b%C3%ADr%C3%A1lati%20lap.pdf  |z Dokumentum-elérés